Normal view
MARC view
Entry Personal Name
001 - CONTROL NUMBER
- control field: 37330
003 - CONTROL NUMBER IDENTIFIER
- control field: ARRUPE
005 - DATE AND TIME OF LATEST TRANSACTION
- control field: 20171027091935.0
008 - FIXED-LENGTH DATA ELEMENTS
- fixed length control field: 171027|| aca||aabn | a|a d
040 ## - CATALOGING SOURCE
- Original cataloging agency: ARRUPE
- Transcribing agency: ARRUPE
100 ## - HEADING--PERSONAL NAME
- Personal name: Grossman, Edith,
- Dates associated with a name: 1936-
670 ## - SOURCE DATA FOUND
- Source citation: Work cat.: (ARRUPE)0: García Márquez, Gabriel, 1927-2014. 37327, Of love and other demons /, 1996.